| 000 | 01044cab a22002295a 4500 | ||
|---|---|---|---|
| 001 | L146664 | ||
| 008 | 090212e20090207xxk f 000 0 eng d | ||
| 035 | _a(Sirsi) u146664 | ||
| 041 | 0 | _aeng | |
| 100 | 1 | _aBooth, Kay | |
| 245 | 0 | 0 | _aLack of ideas for long-term recovery |
| 260 | _c2009 | ||
| 490 |
_aEstates Gazette _v(0905) 7 February 2009, 101(1) |
||
| 520 | _aArticle looks at attempts by the UK government to recapitalise the banking industry and suggests that the £37bn bailout should have been dependent upon the acceptance of minimum lending criteria by the banks involved. States that real estate is a fundamental asset class in the UK and as such, that the government's current policies for recapitalisation are leading to the devaluing of large quantities of property and land banks. | ||
| 590 | _aKA | ||
| 650 | 2 | 4 | _aHORSHAM PROPERTIES GROUP LTD V CLARK |
| 650 | 2 | 4 | _aLAW OF PROPERTY ACT 1925 |
| 651 | 4 |
_aUnited Kingdom _y |
|
| 690 | _aPROPERTY-PROPERTY FINANCE AND INVESTMENT | ||
| 700 | 1 | _aOliver, Laura | |
| 942 | _n0 | ||
| 999 |
_c81232 _d81232 |
||